| 000 | 00537nam a2200181Ia 4500 | ||
|---|---|---|---|
| 008 | 090122s9999 xx 000 0 und d | ||
| 082 |
_b3087 _a891.463 |
||
| 100 |
_aपेंडसे _bश्री _cना |
||
| 245 | _aलव्हाळी | ||
| 260 | _bअशोक कोठावळे | ||
| 300 | _a295 | ||
| 501 | _a252 - ज्ञानदा प्रकाशन | ||
| 600 | _aपेंडसे | ||
| 630 | _aलव्हाळी | ||
| 700 | _aपेंडसे | ||
| 730 | _aलव्हाळी | ||
| 942 | _cBOOK | ||
| 999 |
_c27165 _d27165 |
||